Every "Country" Mentioned in Yakko's World - Statistics

General Stats
  • This quiz has been taken 54 times
  • The average score is 58 of 152
Answer Stats
Hint Answer % Correct
U United States
100%
C Canada
95%
M Mexico
95%
H Haiti
86%
P Panama
86%
C Cuba
84%
J Jamaica
84%
P Peru
84%
D Republic Dominican
84%
C Colombia
76%
E El Salvador
76%
H Honduras
76%
V Venezuela
76%
G Greenland
73%
F French Guiana
68%
P Puerto Rico
68%
C Caribbean
65%
G Guyana
59%
R Russia
57%
F Finland
51%
G Greece
51%
N Nicaragua
51%
N Norway
51%
P Paraguay
51%
S Sweden
51%
U Uruguay
51%
B Barbados
49%
C Costa Rica
49%
F France
49%
G Germany
49%
I Italy
49%
P Poland
49%
P Portugal
49%
S Scotland
49%
T Turkey
49%
B Belize
46%
E England
46%
G Guam
46%
I Iceland
46%
L Luxembourg
46%
N Netherlands
46%
P Pakistan
46%
S Saudi Arabia
46%
S Spain
46%
S Suriname
46%
T Tobago
46%
A Albania
43%
A Austria
43%
B Bahamas
43%
B Belgium
43%
C China
43%
D Denmark
43%
I India
43%
I Ireland
43%
C Czechoslovakia
41%
I Israel
41%
J Japan
41%
J Jordan
41%
K Korea
41%
K Kuwait
41%
L Lebanon
41%
M Malaysia
41%
O Oman
41%
N(P) Papua {New Guinea}
41%
R Romania
41%
S Syria
41%
T Taiwan
41%
Y Yemen
41%
B Bahrain
38%
B Bangladesh
38%
B Bhutan
38%
B Bulgaria
38%
E Egypt
38%
H Hungary
38%
I Indonesia
38%
I Iran
38%
I Iraq
38%
K(C) Kampuchea (Cambodia)
38%
S Switzerland
38%
A Afghanistan
35%
B Bermuda
35%
B(M) Burma (Myanmar)
35%
C Cyprus
35%
L Laos
35%
N Nepal
35%
S San Juan
35%
T Thailand
35%
C Chad
32%
M Morocco
32%
P Philippines
32%
S Sri Lanka
32%
T Togo
32%
A Algeria
30%
S Somalia
30%
T Tunisia
30%
A Angola
27%
G Guinea
27%
M Mali
27%
M Mongolia
27%
N New Zealand
27%
S Sudan
27%
T Tibet
27%
U Uganda
27%
V Vietnam
27%
Z Zambia
27%
Z Zimbabwe
27%
A Australia
24%
C Congo
24%
G Gabon
24%
G Ghana
24%
N Niger
24%
N Nigeria
24%
S Sierra Leone
24%
B Benin
22%
B Borneo
22%
C Cameroon
22%
G Gambia
22%
K Kenya
22%
M Malta
22%
M Mauritania
22%
Q Qatar
22%
S(E) Swaziland
22%
Z(D) Zaire (DRC)
22%
A Abu Dhabi
19%
B Botswana
19%
D Djibouti
19%
E Ethiopia
19%
G Guinea-Bissau
19%
L Lesotho
19%
L Liberia
19%
L Libya
19%
L Liechtenstein
19%
M Madagascar
19%
M Malawi
19%
M Monaco
19%
M Mozambique
19%
S Senegal
19%
S Sumatra
19%
T Tanzania
19%
Y Yugoslavia
19%
B Burundi
16%
C Cayman
16%
F Fiji
16%
A Algiers
14%
H Hong Kong
14%
P Palestine
14%
R Rwanda
14%
T Transylvania
14%
C Crete
11%
D Dahomey
11%
M Mahore
5%
N Nambia
5%
No matching quizzes found
Score Distribution
Percent of People with Each Score
Percentile by Number Answered
Your Score History
You have not taken this quiz